Aĉcatelun̐gu meĉcula paĉca mruccili. (Record no. 65246)

MARC details
000 -LEADER
fixed length control field 00734cam a22002411 4500
001 - CONTROL NUMBER
control field sa 65007619
003 - CONTROL NUMBER IDENTIFIER
control field DLC
005 - DATE AND TIME OF LATEST TRANSACTION
control field 20260227112149.0
008 - FIXED-LENGTH DATA ELEMENTS--GENERAL INFORMATION
fixed length control field 890504s1962 ii 000 0 telo
010 ## - LIBRARY OF CONGRESS CONTROL NUMBER
LC control number sa 65007619
035 ## - SYSTEM CONTROL NUMBER
System control number (OCoLC)19655146
040 ## - CATALOGING SOURCE
Original cataloging agency DLC
Transcribing agency WaU
Modifying agency DLC
042 ## - AUTHENTICATION CODE
Authentication code premarc
050 00 - LIBRARY OF CONGRESS CALL NUMBER
Classification number PL4780.9.N258
Item number A64
100 0# - MAIN ENTRY--PERSONAL NAME
Personal name Nārunāganārya,
Dates associated with a name 1903-1973.
245 10 - TITLE STATEMENT
Title Aĉcatelun̐gu meĉcula paĉca mruccili.
260 ## - PUBLICATION, DISTRIBUTION, ETC.
Date of publication, distribution, etc. 1961 [i.e. 1962]
300 ## - PHYSICAL DESCRIPTION
Extent iv, iii, iv, 110, iii p.
Dimensions 18 cm.
500 ## - GENERAL NOTE
General note In Telugu.
500 ## - GENERAL NOTE
General note A poem, based on Nandi Timmana's Pārijātāpaharaṇamu.
700 0# - ADDED ENTRY--PERSONAL NAME
Personal name Nandi Timmana,
Dates associated with a name active 16th century.
Title of a work Pārijātāpaharaṇamu.
740 0# - ADDED ENTRY--UNCONTROLLED RELATED/ANALYTICAL TITLE
Uncontrolled related/analytical title Pārijātāpaharaṇamu.

No items available.

Powered by Koha